000 00744nam a2200205Ia 4500
003 GCL
008 140319s9999 xx 000 0 ara d
040 _aGCL /
_cGCL
082 0 4 _a372.218
_bف س
100 1 _aفواز فتح الله الرامينى
245 1 0 _aسيكولوجية الطفل وتعلمه باللعب فى المرحلة الاساسية /
_cفواز فتح الله الرامينى
250 _aالاولى
260 _aالامارات :
_bدار الكتاب الجامعى ،
_c2006
300 _a313 ص ؛
_c24 سم
650 0 4 _aالاطفال - علم نفس
650 0 4 _aالاطفال - رعاية
650 0 4 _aالاطفال - تربية
650 0 4 _aالاطفال - ترفيه
942 _2ddc
_cBK
999 _c8050
_d8050